Česká pošta plánuje banku
Snahy o založenie vlastnej banky Českou poštou a koniec partnerskej spolupráce po roku 2017 medzi Českou poštou a ČSOB, ktorá na pobočkách českých pôšt prevádzkuje koncept Poštovej sporiteľne.
Na minha lista:
| Autor principal: | |
|---|---|
| Formato: | Capítulo de Livro |
| Idioma: | tcheco |
| Assuntos: | |
| Tags: |
Sem tags, seja o primeiro a adicionar uma tag!
|
MARC
| LEADER | 00000naa a2200000 4500 | ||
|---|---|---|---|
| 001 | 0191451 | ||
| 005 | 20231211083430.9 | ||
| 041 | 0 | |a cze | |
| 044 | |a CZ | ||
| 245 | 1 | 0 | |a Česká pošta plánuje banku |c Josef Janda |
| 520 | |a Snahy o založenie vlastnej banky Českou poštou a koniec partnerskej spolupráce po roku 2017 medzi Českou poštou a ČSOB, ktorá na pobočkách českých pôšt prevádzkuje koncept Poštovej sporiteľne. | ||
| 610 | 2 | 0 | |a Česko |
| 610 | 2 | 0 | |a bankovníctvo |
| 610 | 2 | 0 | |a banky obchodné |
| 610 | 2 | 0 | |a inštitúcie finančné |
| 610 | 2 | 0 | |a sporiteľne poštové |
| 610 | 2 | 0 | |a služby bankové |
| 610 | 2 | 0 | |a služby finančné |
| 100 | 1 | |a Janda, Josef | |